000 00897 a2200241 4500
999 _c2451
_d2451
020 _a9780857021342
020 _a9780857021359 (pbk.)
050 0 0 _aLB 1047.3 BOO 2012
100 1 _aBooth, Andrew
_eAuthor
245 1 0 _aSystematic approaches to a successful literature review /
_cAndrew Booth, Diana Papaioannou, Anthea Sutton
264 _aLondon:
_bSage Publications Ltd,
_c2012
300 _a279p. :
_bill.
500 _aIncludes bibliographical references and index.
504 _aIncludes bibliographical references and index.
650 0 _aResearch
_xMethodology.
650 2 _aResearch
_xmethods.
650 2 _aReview Literature as Topic.
700 1 _aPapaioannou, Diana
_eAuthor.
700 1 _aSutton, Anthea
_eaAthor.
942 _2lcc
_cBK
_h1047.3
_iBOO
_kLB